Регионална библиотека "Любен Каравелов" - Русе

Фата моргана (Запис номер 440779)

MARC детайли
000 -Лидер
Контролно поле с фиксирана дължина nam a22 a 4500
003 - Код на организацията, давaща контролен номер
Контролно поле BLK
005 - Дата и час на последна редакция
Контролно поле 20211220090349.0
008 - Елементи от данни с фиксирана дължина
fixed length control field 180411b bul|||||r ||||||| ||bul||
010 ## - Наследен системен номер
LC control number KNG00187646000
040 ## - Източник на каталожния запис
Идентификатор на билиотеката - собственик на записа BLK
041 ## - Код за език
Код за езика на текст/звукозапис или на отделно заглавие Български
Код за езика КДБФ Български
080 ## - УДК
Текстов определител УДК Украинска литература
УДК код - определител по УДК 821.161.2
УДК определител -32
УДК - код + определител 821.161.2-32
100 1# - Редна дума - Автор
Автор Коцюбински, Михайло
Авторска отговорност първи автор
R(LIN) 83602
139 ## - Редно поле
Редна дума Коцюбински, Михайло
245 10 - Сведения за заглавието
Заглавие Фата моргана
Подзаглавни данни Повести и разкази
Редно поле (дума) Михайло Коцюбински ; Прев. от укр. Петко Атанасов ; [Послесл. Л. Павлов].
260 ## - Област на издателските данни
Име на издателя, разпространителя и проч. Нар. култура
Година на издаване 1961
9 (RLIN) 209547
Място на издаване, разпространение и проч. София
300 ## - Физическа характеристика
Страници 458 с. : 1 л. портр.
Размери/Мащаб 20 см
380 ## - Жанр
Жанр Худож. лит.
700 ## - Други автори (авторска отговорност)
Лично име Атанасов, Петко
Автороска отговорност (Описва отношението между автора и произведението) прев. от укр.
9 (RLIN) 1169
700 ## - Други автори (авторска отговорност)
Лично име Павлов, Любомир Боянов
Автороска отговорност (Описва отношението между автора и произведението) послесл.
9 (RLIN) 958
852 ## - Местоположение
Форматна сигнатура Цб 19104
Фондова буква Хранилище
999 ## - СИСТЕМНИ КОНТРОЛНИ НОМЕРА
Koha biblionumber 440779
Koha biblioitemnumber 440779
942 ## - АРТИКУЛИ
Вид на библиотечния материал Книги
Скрит в OPAC Не
Периодичен библиозапис Да
944 ## - СЪЗДАВАНЕ И РЕДАКЦИЯ на ЗАПИСА
Създаване/Редакция Създаване
Дата на регистрацията/редакция 2021-12-20
Служител, извършил регистрацията/редакцията Ренета Константинова
Наличности
Код за отписване Код за изгубен артикул Източник на класификационната схема Код за повреда Коз за рестрикции Код за отдаване Артикулен № Име на библиотеката - собственик Име на библиотеката, в която се намира в момента Статус (Текущо местоположение) Дата на вписване в системата Местоположение - отдел Цена в лева Инвентарен номер Систематично азбучна сигнатура Баркод Цена в евро Служебен тип на артикула
  Не е изгубен Universal Decimal Classification Не е повреден само за читалня ползва се в читалня 866517 Регионална библиотека "Любен Каравелов" Русе Регионална библиотека "Любен Каравелов" Русе Хранилище 2021-12-23 Хранилище 1.37 7481/61 Цб 19104 900000086718 0.70 Книги
Vip Innovations Ltd, Rousse, Bulgaria 2025